000
00271nam a2200109Ia 4500
008
220204s9999 xx 000 0 und d
082
_a
331(540)
_b
KAN
100
_a
KANTA AHUJA
245
0
_a
Idle labour in village India
260
_a
New Delhi
_b
Manohar
_c
1978
942
_c
BK
999
_c
30835
_d
30835